| 000 | 00416nam a2200145Ia 4500 | ||
|---|---|---|---|
| 008 | 230917s9999||||xx |||||||||||||| ||und|| | ||
| 040 |
_e251860 _aMAIN |
||
| 041 | _aEnglish | ||
| 082 | _a891.433721 GB959K | ||
| 100 | _aकोमल | ||
| 245 | 0 | _aछोटी सी शूरूआत उपन्यास में संधर्ष-चेतना | |
| 260 | _c2018 | ||
| 300 | _aiii, 112 p. | ||
| 942 | _cTH | ||
| 999 |
_c128240 _d128240 |
||